000
00276nam a22001337a 4500
008
180301b xxu||||| |||| 00| 0 eng d
020
_a
28927
041
_a
eng
080
_a
591
100
_a
7
101
_a
ZOO
245
_a
Animal Behavior
_c
Hinde, R.A
942
_2
udc
_c
BK
999
_c
43862
_d
43862